[Event "SR 3. liga A2 2004/2005"]
[Site "?"]
[Date "2005.??.??"]
[Round "?"]
[White "Meszaros, Lorant"]
[Black "Puchart, Vladimir"]
[Result "0-1"]
[WhiteElo "2085"]
[BlackElo "2085"]
[Annotator "Orech.Potoo - Trnava B"]
[PlyCount "72"]
[EventDate "2004.??.??"]

1. d4 Nf6 2. c4 e6 3. g3 d5 4. Nf3 b6 5. Ne5 Bb7 6. Qa4+ Nfd7 7. Bg2 c6 8. f4
Be7 9. Nc3 O-O 10. O-O Qc8 11. e4 Nxe5 12. fxe5 dxc4 13. d5 cxd5 14. exd5 exd5
15. Be3 Bc5 16. Bxc5 Qxc5+ 17. Kh1 Bc6 18. Qd1 d4 19. Ne4 Qxe5 20. Qc2 b5 21.
Rae1 Qh5 22. Bf3 Qg6 23. h4 Nd7 24. Qg2 Rae8 25. Nf6+ Nxf6 26. Bxc6 Rxe1 27.
Rxe1 b4 28. Bf3 Re8 29. Rxe8+ Nxe8 30. Kh2 h6 31. Qe2 Qe6 32. Qd2 Qe3 33. Qxe3
dxe3 34. Kg2 Nc7 35. Bc6 Ne6 36. Kf1 Nd4 0-1

[Event "SR 3. liga A2 2004/2005"]
[Site "?"]
[Date "2005.??.??"]
[Round "?"]
[White "Krist, Milan"]
[Black "Szekely, Stefan"]
[Result "1/2-1/2"]
[WhiteElo "2000"]
[BlackElo "2060"]
[Annotator "Orech.Potoo - Trnava B"]
[PlyCount "81"]
[EventDate "2004.??.??"]

1. d4 d6 2. c4 Nf6 3. Nc3 g6 4. Nf3 Bg7 5. e3 O-O 6. Bd3 Nbd7 7. O-O e5 8. d5
Nc5 9. e4 a5 10. Bc2 Nh5 11. Bg5 f6 12. Be3 b6 13. h3 Qe8 14. a3 g5 15. Nh2 Nf4
16. Bxf4 gxf4 17. Qf3 Qg6 18. b4 Nb7 19. Nb5 Rf7 20. Kh1 f5 21. Bd3 fxe4 22.
Bxe4 Bf5 23. Nc3 Nd8 24. Bxf5 Qxf5 25. Qe4 Qh5 26. Nf3 h6 27. Ra2 Rf6 28. Qe2
Nf7 29. Ne4 Rg6 30. b5 Rf8 31. Nd4 Qxe2 32. Nxe2 Ng5 33. Nxg5 hxg5 34. f3 e4
35. fxe4 Re8 36. Ng1 Rxe4 37. Rc2 Bf6 38. Nf3 Re3 39. a4 Rg7 40. Kh2 Rge7 41.
Rff2 1/2-1/2

[Event "SR 3. liga A2 2004/2005"]
[Site "?"]
[Date "2005.??.??"]
[Round "?"]
[White "Both, Lajos"]
[Black "Puskas, Miroslav"]
[Result "1-0"]
[WhiteElo "1995"]
[BlackElo "2070"]
[Annotator "Orech.Potoo - Trnava B"]
[PlyCount "83"]
[EventDate "2004.??.??"]

1. d4 d5 2. c4 e6 3. Nc3 Nf6 4. Bg5 c6 5. cxd5 exd5 6. e3 Be7 7. Bd3 O-O 8. h3
h6 9. Bh4 Re8 10. Nge2 Ne4 11. Bxe7 Rxe7 12. Nxe4 dxe4 13. Bc2 Qa5+ 14. Qd2
Qxd2+ 15. Kxd2 Na6 16. Nc3 f5 $11 17. Na4 Be6 18. Nc5 Nxc5 19. dxc5 Rd8+ 20.
Kc3 b6 21. cxb6 axb6 22. a4 Ra7 23. b4 Rda8 24. Rhd1 Kf7 25. Rd2 Ke7 26. Rad1
Rd7 27. Rxd7+ Bxd7 28. Ra1 Kd6 29. Rd1+ Kc7 30. Bb3 g5 31. Ra1 c5 32. bxc5 bxc5
33. a5 Bb5 34. Bc4 Ba6 35. g3 h5 36. h4 g4 37. Bf7 Rh8 38. Rb1 Rh6 39. Rb6 Rd6
40. Rxd6 Kxd6 41. Bxh5 Ke5 42. Bf7 1-0

[Event "SR 3. liga A2 2004/2005"]
[Site "?"]
[Date "2005.??.??"]
[Round "?"]
[White "Mosny, Jaroslav"]
[Black "Varga, Alexander"]
[Result "1/2-1/2"]
[WhiteElo "2040"]
[BlackElo "1850"]
[Annotator "Orech.Potoo - Trnava B"]
[PlyCount "26"]
[EventDate "2004.??.??"]

1. d4 d5 2. Nf3 c6 3. g3 Nf6 4. Bg2 Bf5 5. O-O e6 6. Nbd2 h6 7. Re1 Nbd7 8. c4
Be7 9. b3 O-O 10. Bb2 Bd6 11. Ne5 Qc7 12. Nxd7 Qxd7 13. e4 dxe4 $11 1/2-1/2

[Event "SR 3. liga A2 2004/2005"]
[Site "?"]
[Date "2005.??.??"]
[Round "?"]
[White "Liska, Frantisek"]
[Black "Bukovsky, Milan"]
[Result "1/2-1/2"]
[WhiteElo "2025"]
[BlackElo "2045"]
[Annotator "Orech.Potoo - Trnava B"]
[PlyCount "80"]
[EventDate "2004.??.??"]

1. Nf3 Nf6 2. g3 b6 3. Bg2 Bb7 4. d3 d5 5. O-O Nbd7 6. b3 g6 7. Bb2 Bg7 8. Nbd2
O-O 9. e3 Re8 10. d4 Rc8 11. Bh3 e6 12. Re1 c6 13. c4 Qc7 14. Rc1 Qd6 15. Ne5
Qe7 16. Nxd7 Nxd7 17. f4 Qd6 18. e4 dxe4 19. Nxe4 Qe7 20. Bc3 Nf6 21. Ng5 Qd6
22. Qc2 Rcd8 23. Bg2 h6 24. Nf3 c5 25. Rcd1 Nd7 26. Ne5 Bxg2 27. Kxg2 Nxe5 28.
dxe5 Qc6+ 29. Kf2 Bf8 30. Re2 Be7 31. Red2 Rxd2+ 32. Qxd2 Rd8 33. Qe2 Qa8 34.
Rxd8+ Qxd8 35. Qd2 Qxd2+ 36. Bxd2 h5 37. a4 Kf8 38. Ke3 Ke8 39. Bc3 Kd7 40. Ke4
Kc6 1/2-1/2

[Event "SR 3. liga A2 2004/2005"]
[Site "?"]
[Date "2005.??.??"]
[Round "?"]
[White "Vyboch, Jozef"]
[Black "Szitasi, Janos"]
[Result "1-0"]
[WhiteElo "1980"]
[BlackElo "2005"]
[Annotator "Orech.Potoo - Trnava B"]
[PlyCount "43"]
[EventDate "2004.??.??"]

1. e4 c5 2. Nf3 d6 3. d4 cxd4 4. Nxd4 Nf6 5. Nc3 g6 6. Be3 Bg7 7. Bc4 O-O 8. f3
Qb6 9. Bb3 Qa5 10. Qd2 Nc6 11. O-O-O Nxd4 12. Bxd4 Bd7 13. Kb1 Rfc8 14. g4 a6
15. h4 h5 16. Rdg1 e5 17. Be3 hxg4 18. Bh6 Qc5 19. Qg5 d5 $11 20. h5 Nh7 21.
Qd2 Qd4 22. hxg6 1-0

[Event "SR 3. liga A2 2004/2005"]
[Site "?"]
[Date "2005.??.??"]
[Round "?"]
[White "Bernath, Mikulas"]
[Black "Bahna, Jan"]
[Result "1/2-1/2"]
[WhiteElo "1935"]
[BlackElo "2005"]
[Annotator "Orech.Potoo - Trnava B"]
[PlyCount "82"]
[EventDate "2004.??.??"]

1. d4 d5 2. Nf3 Nf6 3. Nbd2 e6 4. g3 c5 5. c3 Nc6 6. Bg2 Be7 7. O-O O-O 8. Re1
Bd7 9. a3 cxd4 10. cxd4 Qb6 11. e3 Rfc8 12. b4 a5 13. bxa5 Rxa5 14. Nb3 Rb5 15.
Nfd2 Na5 16. Nxa5 Rxa5 17. Rb1 Rb5 18. Rxb5 Qxb5 19. Bf1 Qa4 20. Qxa4 Bxa4 21.
Nb1 Ne4 22. Bd3 Nd6 23. Bd2 Kf8 24. f3 Ra8 25. Rc1 Ke8 26. Bb4 Rc8 27. Rc5 b6
28. Rxc8+ Nxc8 29. Nc3 Bc6 30. e4 Kd7 31. exd5 exd5 32. Kf2 g6 33. Ke3 Nd6 34.
Bxd6 Bxd6 35. a4 Bb4 36. Nb5 Ke6 37. Bc2 f5 38. Nc7+ Kf6 39. f4 Ke7 40. Bb3 Kd6
41. Nb5+ Bxb5 1/2-1/2

[Event "SR 3. liga A2 2004/2005"]
[Site "?"]
[Date "2005.??.??"]
[Round "?"]
[White "Hagara, Vladimir"]
[Black "Fekete, Robert"]
[Result "1-0"]
[WhiteElo "1980"]
[BlackElo "1670"]
[Annotator "Orech.Potoo - Trnava B"]
[PlyCount "99"]
[EventDate "2004.??.??"]

1. d4 f5 2. g3 Nf6 3. Bg2 g6 4. Nf3 Bg7 5. O-O O-O 6. c4 d6 7. Nc3 Nbd7 8. Qc2
e5 9. dxe5 Nxe5 10. b3 Nc6 11. Bb2 Re8 12. Rad1 Qe7 13. Rfe1 Rb8 14. e3 b6 15.
Ng5 Nb4 16. Qb1 Bb7 17. Bxb7 Rxb7 18. a3 Nc6 19. Nf3 h6 20. Qc2 a5 21. Qd2 Kh7
22. Re2 Ne4 23. Qc2 Bxc3 24. Bxc3 Nxc3 25. Qxc3 Rbb8 26. Qc2 Rbd8 27. Red2 Qf6
28. Qb2 Kg7 29. Qxf6+ Kxf6 30. Kg2 Re7 31. Nd4 Nxd4 32. Rxd4 Rde8 33. Kf3 Re4
34. h4 Rxd4 35. Rxd4 Re5 36. e4 fxe4+ 37. Rxe4 h5 38. Ke3 c6 39. f3 Rxe4+ 40.
Kxe4 Ke6 41. g4 Kf6 42. Kd4 g5 43. hxg5+ Kxg5 44. gxh5 Kxh5 45. b4 Kg5 $11 46.
b5 cxb5 47. cxb5 Kf6 48. Kd5 Ke7 49. a4 Kd7 50. f4 1-0

[Event "SR 3. liga A2 2004/2005"]
[Site "?"]
[Date "2005.??.??"]
[Round "?"]
[White "Lahucky, Pavol"]
[Black "Jurica, Peter"]
[Result "1/2-1/2"]
[WhiteElo "2085"]
[BlackElo "2150"]
[Annotator "Hlohovec juniori - Vrbove"]
[PlyCount "53"]
[EventDate "2004.??.??"]

1. c4 f5 2. Nc3 Nf6 3. f4 g6 4. Nf3 Bg7 5. d4 c6 6. e3 d6 7. Be2 O-O 8. O-O
Nbd7 9. Qc2 Qc7 10. Ng5 Nb6 11. c5 Nbd5 12. cxd6 exd6 13. Nxd5 Nxd5 14. Bc4 Qb6
15. Qb3 Qxb3 16. Bxb3 h6 17. Bxd5+ cxd5 18. Nf3 Bd7 19. Bd2 Rac8 20. Rfc1 Rc6
21. Rc3 Rfc8 22. Rac1 Bf6 23. Kf2 Kf7 24. g3 g5 25. a3 Ke7 26. Ke2 Be8 27. Be1
1/2-1/2

[Event "SR 3. liga A2 2004/2005"]
[Site "?"]
[Date "2005.??.??"]
[Round "?"]
[White "Blazek, Milos"]
[Black "Gajarsky, Roman"]
[Result "1/2-1/2"]
[WhiteElo "2125"]
[BlackElo "2025"]
[Annotator "Hlohovec juniori - Vrbove"]
[PlyCount "24"]
[EventDate "2004.??.??"]

1. e4 e5 2. Nf3 Nf6 3. d4 Nxe4 4. Bd3 d5 5. Nxe5 Bd6 6. O-O Bxe5 7. dxe5 Nc6 8.
Bxe4 dxe4 9. Qxd8+ Nxd8 10. Nc3 Bf5 11. Re1 Nc6 12. Bf4 O-O-O $11 1/2-1/2

[Event "SR 3. liga A2 2004/2005"]
[Site "?"]
[Date "2005.??.??"]
[Round "?"]
[White "Slamena, Michal"]
[Black "Blatnicky, Miroslav"]
[Result "0-1"]
[WhiteElo "2085"]
[BlackElo "2010"]
[Annotator "Hlohovec juniori - Vrbove"]
[PlyCount "60"]
[EventDate "2004.??.??"]

1. e4 e6 2. d4 d5 3. Nc3 Bb4 4. e5 c5 5. Qg4 Ne7 6. a3 cxd4 7. axb4 dxc3 8.
Qxg7 Rg8 9. Qxh7 Qc7 10. Nf3 Nbc6 11. Bb5 Rxg2 12. bxc3 Bd7 13. Bg5 Rxg5 14.
Bxc6 Bxc6 15. Nxg5 Qxe5+ 16. Kd1 Qxg5 17. f4 Qf6 18. Qd3 d4 19. Rg1 dxc3 20.
Ke1 Rd8 21. Qg3 Qd4 22. Qf2 Qxf2+ 23. Kxf2 Rd2+ 24. Kg3 Rxc2 25. Rac1 Rxc1 26.
Rxc1 Nd5 27. Kf2 Ba4 28. Ke2 c2 29. h4 Nxb4 30. h5 Na2 0-1

[Event "SR 3. liga A2 2004/2005"]
[Site "?"]
[Date "2005.??.??"]
[Round "?"]
[White "Krchnak, Rudolf"]
[Black "Hertel, Ondrej"]
[Result "0-1"]
[WhiteElo "1790"]
[BlackElo "1910"]
[Annotator "Hlohovec juniori - Vrbove"]
[PlyCount "98"]
[EventDate "2004.??.??"]

1. d4 d5 2. Nc3 Nf6 3. e4 dxe4 4. f3 exf3 5. Nxf3 Bg4 6. h3 Bh5 7. g4 Bg6 8.
Ne5 e6 9. Nxg6 hxg6 10. Bg2 c6 11. O-O Bd6 12. Bg5 Nbd7 13. Ne4 Be7 14. Qd3
Nxe4 15. Bxe7 Qxe7 16. Bxe4 O-O-O 17. Bg2 Nf6 18. c3 Nd5 19. Rf3 g5 20. Re1 Nf4
21. Qf1 Rh4 22. a4 Rhh8 23. b4 Qd6 24. Re5 f6 25. Re1 Rhe8 26. Qc4 Qd5 27. Qxd5
exd5 28. Rfe3 Kd7 29. Rxe8 Rxe8 30. Rxe8 Kxe8 31. Bf1 Kd7 32. Kh2 Kd6 33. Kg3
b6 34. h4 Ne6 35. h5 c5 36. dxc5+ bxc5 37. b5 c4 38. Kf3 Nc5 39. a5 Na4 40. Ke3
Nxc3 41. b6 axb6 42. axb6 Nb5 43. Bg2 d4+ 44. Kd2 Na3 45. Be4 c3+ 46. Kc1 Nc4
47. b7 Kc7 48. Bf3 d3 49. Be4 d2+ 0-1

[Event "SR 3. liga A2 2004/2005"]
[Site "?"]
[Date "2005.??.??"]
[Round "?"]
[White "Peska, Juraj"]
[Black "Feranec, Milan"]
[Result "1-0"]
[WhiteElo "1845"]
[BlackElo "1965"]
[Annotator "Hlohovec juniori - Vrbove"]
[PlyCount "69"]
[EventDate "2004.??.??"]

1. c4 Nf6 2. Nc3 e6 3. g3 Bb4 4. Bg2 O-O 5. a3 Bxc3 6. bxc3 a5 7. Nf3 d6 8. O-O
Nbd7 9. Rb1 Rb8 10. Nd4 c6 11. a4 e5 12. Nb3 Qc7 13. Ba3 Re8 14. d3 b6 15. Nd2
d5 16. Qc2 Ba6 17. cxd5 cxd5 18. Rfc1 Rbc8 19. Qb3 Bb7 20. c4 Qb8 21. cxd5
Rxc1+ 22. Rxc1 Rc8 23. Rxc8+ Qxc8 24. e4 Ba6 25. Nc4 Ne8 26. Bh3 Bxc4 27. dxc4
Nef6 28. Qb5 g6 29. Qc6 Qd8 30. d6 h5 31. Bc1 Kg7 32. Bg5 Qe8 33. f3 Nb8 34.
Bxf6+ Kxf6 35. Qxe8 1-0

[Event "SR 3. liga A2 2004/2005"]
[Site "?"]
[Date "2005.??.??"]
[Round "?"]
[White "Smrek, Peter"]
[Black "Synak, Jan"]
[Result "0-1"]
[WhiteElo "1700"]
[BlackElo "1775"]
[Annotator "Hlohovec juniori - Vrbove"]
[PlyCount "80"]
[EventDate "2004.??.??"]

1. e4 c5 2. Nf3 Nc6 3. d4 cxd4 4. Nxd4 Nf6 5. Nc3 d6 6. Be2 g6 7. Be3 Bg7 8.
Bf3 Ne5 9. Be2 a6 10. h3 Qc7 11. O-O b5 12. a3 Bb7 13. Bd3 Nc4 14. Bxc4 Qxc4
15. Qd3 Rc8 16. Rac1 O-O 17. f3 Rc7 18. Nde2 Nd7 19. b3 Qxd3 20. cxd3 Nc5 21.
Bxc5 Rxc5 22. d4 Rcc8 23. Nd5 Bxd5 24. exd5 e6 25. Rc6 exd5 26. Rfc1 Rce8 27.
Kf2 Re6 28. Rxa6 Rfe8 29. Rc2 Re3 30. Rxd6 Rxb3 31. Rxd5 Bf8 32. Nc1 Rb1 33.
Rc7 Bxa3 34. Nd3 Rd1 35. Nc5 Rd2+ 36. Kg3 Bb2 37. Ne4 Rxd4 38. Rxb5 Rdxe4 39.
fxe4 Be5+ 40. Kf3 Bxc7 0-1

[Event "SR 3. liga A2 2004/2005"]
[Site "?"]
[Date "2005.??.??"]
[Round "?"]
[White "Kollarik, Gorazd"]
[Black "Lajda, Dusan"]
[Result "1-0"]
[WhiteElo "1840"]
[BlackElo "1750"]
[Annotator "Hlohovec juniori - Vrbove"]
[PlyCount "61"]
[EventDate "2004.??.??"]

1. d4 d5 2. c4 c6 3. Nc3 Nf6 4. Bg5 Nbd7 5. e3 e6 6. Nf3 Bb4 7. Qc2 Qa5 8. Nd2
dxc4 9. Bxf6 Nxf6 10. Bxc4 O-O 11. O-O Bxc3 12. bxc3 Qh5 13. Nf3 b5 14. Be2 Bb7
15. Ne5 Qh6 16. Bf3 Rfc8 17. a4 Rab8 18. Rfb1 Qg5 19. c4 a6 20. Rb2 g6 21. Rab1
h5 22. Qd3 Rc7 23. axb5 cxb5 24. cxb5 a5 25. b6 Re7 26. Bxb7 Rexb7 27. Rb5 Nd5
28. Nc6 Rc8 29. Nxa5 Rc3 30. Qxc3 Rxb6 31. Qc8+ 1-0

[Event "SR 3. liga A2 2004/2005"]
[Site "?"]
[Date "2005.??.??"]
[Round "?"]
[White "Podjavorinsky, Peter"]
[Black "Skocik, Jozef"]
[Result "0-1"]
[WhiteElo "1720"]
[BlackElo "1730"]
[Annotator "Hlohovec juniori - Vrbove"]
[PlyCount "58"]
[EventDate "2004.??.??"]

1. e4 e6 2. d4 d5 3. Nd2 dxe4 4. Nxe4 Nd7 5. Bc4 Ngf6 6. Bg5 c6 7. Nf3 h6 8.
Nxf6+ gxf6 9. Bh4 Rg8 10. Qd2 Nb6 11. Bb3 a5 12. a4 Nd5 13. c3 b5 14. axb5 cxb5
15. Qe2 Nf4 16. Qxb5+ Bd7 17. Qc4 Nxg2+ 18. Kd2 Nxh4 19. Nxh4 Rc8 20. Qe2 Qc7
21. Nf5 Kd8 22. Ng3 Rb8 23. Bc2 Rxb2 24. Rhb1 Rxb1 25. Rxb1 Bd6 26. Qf3 Ke7 27.
Nf5+ exf5 28. Bxf5 Bf4+ 29. Kd3 Bxf5+ 0-1

[Event "SR 3. liga A2 2004/2005"]
[Site "?"]
[Date "2005.??.??"]
[Round "?"]
[White "Schmikli, Laszlo"]
[Black "Puchart, Vladimir"]
[Result "1-0"]
[WhiteElo "2295"]
[BlackElo "2085"]
[Annotator "Velky Meder - Trnava B"]
[PlyCount "115"]
[EventDate "2004.??.??"]

1. e4 c5 2. c3 Nf6 3. d3 Nc6 4. f4 g6 5. Nf3 Bg7 6. Na3 O-O 7. g3 Rb8 8. Bg2 b5
9. O-O b4 10. Nc2 bxc3 11. bxc3 c4 12. e5 cxd3 13. Qxd3 Ng4 14. Ncd4 Qb6 15. h3
Ba6 16. c4 Nxd4 17. Qxd4 Qxd4+ 18. Nxd4 Nh6 19. Ba3 Rfc8 20. Bxe7 Rxc4 21. Rfd1
Rc3 22. g4 Rb2 23. Rdb1 Rxb1+ 24. Rxb1 Bf8 25. Rb8 Rc8 26. Rxc8 Bxc8 27. Bxf8
Kxf8 28. Nb5 a5 29. Nd6 Ba6 30. Bf1 Bxf1 31. Kxf1 Ke7 32. Nc4 f5 33. exf6+ Ke6
34. Nxa5 Nf7 35. g5 Kf5 36. a4 Kxf4 37. h4 Ke4 38. Ke2 Kd4 39. Nb3+ Kc4 40. a5
Kb5 41. Ke3 h6 42. gxh6 Nxh6 43. Kd4 Nf7 44. Kd5 g5 45. h5 Ka6 46. Nc5+ Kxa5
47. Nxd7 g4 48. Ne5 Nxe5 49. Kxe5 g3 50. f7 g2 51. f8=Q g1=Q 52. Qd8+ Ka6 53.
Qd3+ Kb7 54. Qf3+ Ka6 55. Qc6+ Ka7 56. Qa4+ Kb7 57. Qe4+ Ka6 58. Qg6+ 1-0

[Event "SR 3. liga A2 2004/2005"]
[Site "?"]
[Date "2005.??.??"]
[Round "?"]
[White "Krist, Milan"]
[Black "Bors, Sandor"]
[Result "1/2-1/2"]
[WhiteElo "2000"]
[BlackElo "2140"]
[Annotator "Velky Meder - Trnava B"]
[PlyCount "26"]
[EventDate "2004.??.??"]

1. d4 Nf6 2. c4 e6 3. Nc3 d5 4. Bg5 Be7 5. Nf3 Nbd7 6. e3 O-O 7. Bd3 dxc4 8.
Bxc4 c5 9. O-O cxd4 10. Nxd4 Ne5 11. Bb3 a6 12. Qe2 Ng6 13. Rfd1 Qa5 1/2-1/2

[Event "SR 3. liga A2 2004/2005"]
[Site "?"]
[Date "2005.??.??"]
[Round "?"]
[White "Ivan, Imrich ml"]
[Black "Puskas, Miroslav"]
[Result "1/2-1/2"]
[WhiteElo "2020"]
[BlackElo "2070"]
[Annotator "Velky Meder - Trnava B"]
[PlyCount "70"]
[EventDate "2004.??.??"]

1. Nf3 Nc6 2. d4 d5 3. Bf4 a6 4. e3 Nf6 5. Bd3 Bg4 6. h3 Bh5 7. Nbd2 e6 8. c3
Bd6 9. Bg5 h6 10. Bh4 g5 11. Bg3 Bxg3 12. fxg3 Qd6 13. Kf2 e5 14. Be2 e4 15.
Nh2 Bg6 16. Rf1 h5 17. Kg1 Nd7 18. Qe1 f5 19. c4 O-O-O 20. cxd5 Qxd5 21. Nc4
Rdf8 22. b4 f4 23. Rd1 fxg3 24. Qxg3 Nxb4 25. Rc1 Nc6 26. Rfd1 Rf6 27. Rd2 Rhf8
28. Rdc2 Kd8 29. Ne5 Ndxe5 30. dxe5 Qxe5 31. Qxe5 Nxe5 32. Rxc7 Rc6 33. R1xc6
bxc6 34. Ra7 Nd3 35. Rxa6 Kc7 1/2-1/2

[Event "SR 3. liga A2 2004/2005"]
[Site "?"]
[Date "2005.??.??"]
[Round "?"]
[White "Mosny, Jaroslav"]
[Black "Csefalvay, Stefan"]
[Result "1-0"]
[WhiteElo "2040"]
[BlackElo "1910"]
[Annotator "Velky Meder - Trnava B"]
[PlyCount "107"]
[EventDate "2004.??.??"]

1. d4 Nf6 2. Nf3 d5 3. c4 e6 4. Nc3 Nbd7 5. Bg5 Be7 6. e3 O-O 7. Rc1 c6 8. Bd3
dxc4 9. Bxc4 Re8 10. O-O Qc7 11. Qe2 Nb6 12. Bb3 Nfd5 13. Bxe7 Qxe7 14. Rfd1
Nd7 15. Qc4 N5b6 16. Qd3 e5 17. Qf5 g6 18. Qg5 Qxg5 19. Nxg5 Rf8 20. Nce4 Kg7
21. Nd6 exd4 22. exd4 h6 23. Ngxf7 Nf6 24. Ne5 Nbd5 25. Re1 Rd8 26. Ne4 Bf5 27.
Ng3 Bc8 28. h3 Re8 29. Rcd1 Be6 30. Bc2 Bf7 31. Nxf7 Kxf7 32. Kf1 Rad8 33. Rxe8
Rxe8 34. Re1 Rxe1+ 35. Kxe1 Nf4 36. Kf1 Ke6 37. Ne2 g5 38. Nxf4+ gxf4 39. Ke2
Kd5 40. Kd3 a5 41. Bd1 b5 42. Bf3+ Kd6 43. g3 fxg3 44. fxg3 c5 45. dxc5+ Kxc5
46. g4 Kd6 47. Kd4 Nd7 48. Be2 b4 49. h4 Nc5 50. b3 Ne6+ 51. Ke4 Kc5 52. Bc4
Nd4 53. g5 Nc6 54. g6 1-0

[Event "SR 3. liga A2 2004/2005"]
[Site "?"]
[Date "2005.??.??"]
[Round "?"]
[White "Vizvari, Ludovit"]
[Black "Vyboch, Jozef"]
[Result "0-1"]
[WhiteElo "1790"]
[BlackElo "1980"]
[Annotator "Velky Meder - Trnava B"]
[PlyCount "72"]
[EventDate "2004.??.??"]

1. d4 Nf6 2. c4 g6 3. Nc3 Bg7 4. e4 d6 5. Nf3 O-O 6. Be2 e5 7. O-O Nc6 8. d5
Ne7 9. Ne1 Nd7 10. Nd3 f5 11. Rb1 Nf6 12. f3 f4 13. Bd2 g5 14. b4 h5 15. h3 Rf7
16. Nf2 Bf8 17. Qc2 Ng6 18. Rfc1 Nh4 19. Be1 Rg7 20. Qd1 Nh7 21. Kf1 Qf6 22.
Rb2 Qg6 23. Nd3 Be7 24. c5 Bd7 25. b5 Rf8 26. c6 bxc6 27. bxc6 Bc8 28. Nf2 Nf6
29. Nb5 g4 30. hxg4 hxg4 31. fxg4 Nxe4 32. Nxe4 f3 33. Bf2 fxe2+ 34. Qxe2 Bxg4
35. Qc4 Bf5 36. Ng3 Bd3+ 0-1

[Event "SR 3. liga A2 2004/2005"]
[Site "?"]
[Date "2005.??.??"]
[Round "?"]
[White "Bahna, Jan"]
[Black "Ivan, Imrich st"]
[Result "1-0"]
[WhiteElo "2005"]
[BlackElo "1780"]
[Annotator "Velky Meder - Trnava B"]
[PlyCount "67"]
[EventDate "2004.??.??"]

1. e4 e6 2. d4 d5 3. Nd2 c5 4. c3 Nc6 5. Ngf3 Nf6 6. e5 Nd7 7. Be2 Be7 8. O-O
Qb6 9. Nb3 a5 10. a4 c4 11. Nbd2 Qd8 12. Re1 b6 13. Nf1 Ba6 14. Ng3 g6 15. Bh6
Bf8 16. Qd2 Bxh6 17. Qxh6 Qe7 18. Bd1 Qf8 19. Qf4 Qg7 20. Bc2 O-O 21. h4 h5 22.
Ng5 Qh6 23. Nxe6 Qxf4 24. Nxf4 Ne7 25. e6 Nf6 26. exf7+ Kxf7 27. Rxe7+ Kxe7 28.
Nxg6+ Kf7 29. Nxf8 Rxf8 30. Re1 Bc8 31. Re5 Rh8 32. Nf5 Bxf5 33. Bxf5 Rb8 34.
Be6+ 1-0

[Event "SR 3. liga A2 2004/2005"]
[Site "?"]
[Date "2005.??.??"]
[Round "?"]
[White "Szabo, Gabor"]
[Black "Hagara, Vladimir"]
[Result "1-0"]
[WhiteElo "1675"]
[BlackElo "1980"]
[Annotator "Velky Meder - Trnava B"]
[PlyCount "119"]
[EventDate "2004.??.??"]

1. e4 e6 2. d4 d5 3. Nc3 dxe4 4. Nxe4 Nd7 5. c4 Ngf6 6. Nc3 Be7 7. Nf3 b6 8.
Bf4 Nh5 9. Ne5 Nxe5 10. Bxe5 Nf6 11. Be2 Bb7 12. Qa4+ Qd7 13. Qxd7+ Kxd7 14.
O-O Bd6 15. Rad1 Ke7 16. Rd3 Rhd8 17. Rfd1 $11 a6 18. a3 Rac8 19. b4 Ne8 20.
Bg4 f5 21. Be2 Nf6 22. Bxf6+ $11 Kxf6 23. d5 e5 24. Rh3 h6 25. f3 Ra8 26. Rf1
Bc8 27. g4 Bd7 28. Bd3 a5 29. Nb5 Bxb5 30. cxb5 $11 axb4 31. axb4 Bxb4 32. gxf5
Ra5 33. Rg3 Bd6 34. Rg6+ Kf7 35. Kh1 Be7 36. Rfg1 Bf6 37. Rc1 Rd7 38. Rg2 Be7
39. Bc4 Bd6 40. Rcg1 Kf8 41. Rg6 $11 Rf7 42. Be2 Ra2 43. Bc4 Rc2 44. Bd3 Rd2
45. Be4 Rb2 46. Ra1 Ke8 47. Ra8+ Kd7 48. f6 Rxf6 49. Rxg7+ Be7 50. Rh8 Kd6 51.
Rhh7 Rf8 52. Rxe7 Ra8 53. Rd7+ Kc5 54. Rxc7+ Kxb5 55. Ra7 Rxa7 56. Rxa7 Kc5 57.
Rc7+ Kd4 58. d6 Ke3 59. d7 Rd2 60. Rc3+ 1-0

[Event "SR 3. liga A2 2004/2005"]
[Site "?"]
[Date "2005.??.??"]
[Round "?"]
[White "Vagovsky, Jozef"]
[Black "Vegh, Vince"]
[Result "1/2-1/2"]
[WhiteElo "1850"]
[BlackElo "1670"]
[Annotator "Velky Meder - Trnava B"]
[PlyCount "45"]
[EventDate "2004.??.??"]

1. d4 Nf6 2. c4 e6 3. Nf3 b6 4. a3 Bb7 5. Nc3 Be7 6. Bg5 O-O 7. e3 d5 8. Rc1
Nbd7 9. cxd5 exd5 10. Be2 c5 11. O-O Rc8 12. Re1 a6 13. dxc5 bxc5 14. Qb3 Rb8
15. Bf4 c4 16. Qc2 Rc8 17. Nd4 Re8 18. Nf5 Nc5 19. Nxe7+ Qxe7 20. Bg5 Qe6 21.
Bxf6 Qxf6 22. Rcd1 Qg5 23. Rd4 $11 1/2-1/2

[Event "SR 3. liga A2 2004/2005"]
[Site "?"]
[Date "2005.??.??"]
[Round "?"]
[White "Stetina, Erik"]
[Black "Lahucky, Pavol"]
[Result "1/2-1/2"]
[WhiteElo "1835"]
[BlackElo "2085"]
[Annotator "Trnava C - Hlohovec junior"]
[PlyCount "117"]
[EventDate "2004.??.??"]

1. e4 e5 2. Nf3 Nc6 3. Bb5 a6 4. Bxc6 dxc6 5. O-O Bg4 6. d3 Be7 7. Nbd2 h5 8.
Qe1 Bxf3 9. Nxf3 Qd6 10. Qc3 Bf6 11. b3 O-O-O 12. Bb2 Re8 13. a4 g5 14. b4 Re6
15. b5 c5 16. bxa6 bxa6 17. Ba3 Be7 18. Rab1 Nh6 19. Rfd1 Rd8 20. Qb3 Qb6 21.
Qc3 Qd6 22. Qb2 g4 23. Qb7+ Kd7 24. d4 Ke8 25. Bxc5 Qd7 26. Bxe7 Rxe7 27. Nh4
Qxa4 28. Ra1 Qxc2 29. Qxa6 Re6 30. Qa4+ Qxa4 31. Rxa4 exd4 32. Raxd4 Rxd4 33.
Rxd4 Ke7 34. f3 Rd6 35. Rc4 Rd1+ 36. Kf2 Kd6 37. h3 c5 38. Kg3 gxf3 39. gxf3
Kc6 40. Ng2 Rf1 41. Nf4 h4+ 42. Kg2 Rd1 43. Kf2 Kb5 44. Rc2 c4 45. Ng2 Rh1 46.
Nxh4 Rxh3 47. Ng2 Kb4 48. Ke2 Rh2 49. Kd1 c3 50. Ne3 Rh1+ 51. Ke2 Kb3 52. Kd3
Rh3 53. Rxc3+ Kb4 54. Nd5+ Kb5 55. Ke3 Ng4+ 56. Kd4 Nh2 57. f4 Nf3+ 58. Ke3
Ng5+ 59. Kd4 1/2-1/2

[Event "SR 3. liga A2 2004/2005"]
[Site "?"]
[Date "2005.??.??"]
[Round "?"]
[White "Gajarsky, Roman"]
[Black "Halas, Miroslav"]
[Result "0-1"]
[WhiteElo "2025"]
[BlackElo "1830"]
[Annotator "Trnava C - Hlohovec junior"]
[PlyCount "92"]
[EventDate "2004.??.??"]

1. e4 c6 2. c4 d5 3. Nc3 d4 4. Nce2 Bg4 5. f3 Bh5 6. d3 e5 7. g4 Bb4+ 8. Bd2
Bxd2+ 9. Qxd2 Qh4+ 10. Ng3 Bg6 11. O-O-O Qe7 12. h4 h6 13. f4 Nd7 14. f5 Bh7
15. g5 O-O-O 16. Bh3 Kb8 17. Nh5 Qf8 18. Nf3 g6 19. Ng3 gxf5 20. exf5 Ne7 21.
Rde1 c5 22. Nxe5 Nxe5 23. Rxe5 Nc6 24. Re4 Qd6 25. Nh5 Ne5 26. Nf6 hxg5 27.
Nxh7 Rxh7 28. hxg5 Rdh8 29. Rhe1 Rxh3 30. Rxe5 Rh1 31. Re8+ Rxe8 32. Rxh1 Qg3
33. Rf1 Re3 34. g6 f6 35. Kc2 b6 36. Qf2 Qg4 37. Qf4+ Qxf4 38. Rxf4 Kb7 39. b4
Rg3 40. b5 Rg2+ 41. Kd1 Rg5 42. Ke2 Kc7 43. Kf3 Kd7 44. Ke4 Rg3 45. Rh4 Re3+
46. Kd5 Re5# 0-1

[Event "SR 3. liga A2 2004/2005"]
[Site "?"]
[Date "2005.??.??"]
[Round "?"]
[White "Uvacek, Radovan"]
[Black "Hertel, Ondrej"]
[Result "1/2-1/2"]
[WhiteElo "1730"]
[BlackElo "1910"]
[Annotator "Trnava C - Hlohovec junior"]
[PlyCount "53"]
[EventDate "2004.??.??"]

1. e4 c6 2. d4 d5 3. exd5 cxd5 4. Nf3 Bg4 5. Be2 e6 6. h3 Bh5 7. O-O Nc6 8. Re1
Bd6 9. Ng5 Bxe2 10. Rxe2 Nf6 11. c3 h6 12. Nf3 O-O 13. Ne5 Ne4 14. Nxc6 bxc6
15. Nd2 Nxd2 16. Bxd2 Qc7 17. Be3 Rfe8 18. Qd2 f6 19. Rae1 Kf7 20. f4 Re7 21.
Qd3 Bxf4 22. Bxf4 Qxf4 23. Rf1 Qd6 24. Rxf6+ $11 gxf6 25. Qh7+ Kf8 26. Qh8+ Kf7
27. Qh7+ 1/2-1/2